Pays ayant 2 (ou plus) espèces d'ours - Statistiques

Statistiques générales
  • Ce quiz a été pris 166 fois
  • Le résultat moyen est 9 sur 12
Statistiques - réponses
Ours Pays % Correct
Panda Chine
98%
Ours blanc Canada
97%
Ours brun États Unis
94%
Russie
94%
Ours malais Inde
83%
Japon
70%
Ours noir Norvége
69%
Pakistan
64%
Ours lippu Afghanistan
54%
Ours noir d'Asie Iran
53%
Corée du Nord
45%
Bangladesh
42%
Aucun quiz correspondant
Distribution des résultats
% des personnes avec chaque résultat
Percentile par nombre de réponses
Votre historique - résultats
Vous n’avez pas pris ce quiz